000 00435pab a2200169 454500
008 180718b2005 xxu||||| |||| 00| 0 eng d
100 _aAhmed, Samsuddin
245 _aGlobalization and higher education in India
260 _c2005
300 _ap.12-13.
362 _a22 Aug
650 _aGlobalization - India
650 _aHigher education - India
650 _aHigher education
773 _aUniversity News
909 _a66720
999 _c66720
_d66720